000 01193nam0a22002651 4500
001 rc\3529266
005 20260406185613.0
021 _aRU
_b70-47826
021 _aRU
_bРг4226-71
035 _a(NLR Aleph) 007627466
090 _a5987002
_c5987002
100 _a20130115d1970 |||y0rusy50 ca
101 0 _arus
102 _aRU
105 _ay z |||||
200 1 _aВеликая сила ленинских идей
_e(Сборник статей)
_f[Под общ. ред. канд. филос. наук, подполк. Айрапетова А.М.]
_gХарьк. высш. воен. авиац. училище летчиков им. дважды Героя Советского Союза С.И. Грицевец. Кафедра марксизма-ленинизма
210 _aХарьков
_cБ. и.
_d1970
215 _a151 с.
_d21
702 1 _aАйрапетов
_bА.М.
_4340
712 0 2 _aХарьковское высшее военное авиационное училище летчиков им. С. И. Грицевец
_3RU\NLR\AUTH\889951271
_9398522
801 0 _aRU
_bNLR
_gpsbo
801 1 _aRU
_bELAR
_2rusmarc
852 _aNLR
_j71-3/196
942 _cBOOK
980 _aNB